| 000 | 00936nam a2200265 a 4500 | ||
|---|---|---|---|
| 001 | 000023600 | ||
| 003 | DO-SdBNP | ||
| 005 | 20221128101239.0 | ||
| 008 | 101215s1969 ve r 000 f spa d | ||
| 040 |
_aDO-SdBNP _bspa _cBNPHU |
||
| 049 | _aBNGR | ||
| 082 |
_a850.91 _bS226e |
||
| 100 | 1 |
_aSanguineti, Edoardo _941348 |
|
| 245 | 1 | 0 |
_aEstudio sobre moravia / _cEdoardo Sanguineti ; traducción Celestino Bonfati. |
| 260 |
_aCaracas, Venezuela : _bUniversidad Central de Venezuela, _c1969. |
||
| 300 |
_a186, [4] p. ; _c16 cm. |
||
| 490 | 1 |
_aAvance _v20 |
|
| 500 | _aBibliografía: p. [167]-[187] | ||
| 500 | _aIncluye referencias bibliográficas y notas al pie de las páginas | ||
| 610 | 1 | 0 |
_aMORAVIA, ALBERTO, 1907-1990 _xCRÍTICA E INTERPRETACIÓN _948637 |
| 650 | 4 |
_aLiteratura italiana _xCrítica e interpretación _948638 |
|
| 700 | 1 |
_aBonfati, Celestino _etr. _948639 |
|
| 830 | 0 |
_aAvance ; _v20 _925824 |
|
| 942 |
_2ddc _cLBS1 |
||
| 999 |
_c23096 _d23096 |
||